[Event "Polugaevsky Mem 2014"]
[Site "Samara RUS"]
[Date "2014.07.06"]
[Round "5.5"]
[White "Kryakvin, Dmitry"]
[Black "Demianjuk, Alexander"]
[Result "1-0"]
[WhiteTitle "GM"]
[WhiteElo "2579"]
[BlackElo "2359"]
[WhiteFideId "4153278"]
[BlackFideId "4134249"]
[EventDate "2014.07.02"]

1. c4 g6 2. d4 Bg7 3. e4 d6 4. Nc3 Nc6 5. Be3 e5 6. d5 Nd4 7. Nge2 Nxe2 8. Bxe2
Ne7 9. Qd2 f5 10. f3 O-O 11. O-O-O a6 12. c5 Bd7 13. Kb1 Nc8 14. b4 Qe8 15. Rc1
Na7 16. Rc2 Nb5 17. Nxb5 Bxb5 18. Rhc1 fxe4 19. fxe4 Bxe2 20. Qxe2 Qa4 21. Qc4
Rf7 22. c6 b5 23. Qb3 Qxb3+ 24. axb3 h5 25. Ra2 Kh7 26. Kc2 Bh6 27. Kd3 h4 28.
h3 Bxe3 29. Kxe3 g5 30. Rca1 g4 31. hxg4 Kg6 32. Rxa6 Rg8 33. Ra8 Rgg7 34. Rb8
Kg5 35. Rxb5 Kxg4 36. Re1 Kg3 37. Re2 Rf1 38. Rb8 Rd1 39. b5 Rd4 40. Rf8 Rb4 41.
Kd3 Rxb5 42. Kc3 Rc5+ 43. Kb2 Kh2 44. Rh8 Rxg2 45. Rxh4+ Kg3 46. Rxg2+ Kxg2 47.
b4 Rc4 48. Kb3 Rc1 49. Ka4 Kf3 50. Kb5 Ra1 51. Rh7 Kxe4 52. Rxc7 Kxd5 53. Re7
Rc1 54. c7 e4 55. Ka6 Kd4 56. b5 1-0

[Event "Polugaevsky Mem 2014"]
[Site "Samara RUS"]
[Date "2014.07.06"]
[Round "5.6"]
[White "Iljiushenok, Ilia"]
[Black "Gabrielian, Artur"]
[Result "1/2-1/2"]
[BlackTitle "GM"]
[WhiteElo "2419"]
[BlackElo "2558"]
[WhiteFideId "24105074"]
[BlackFideId "4131002"]
[EventDate "2014.07.02"]

1. e4 c5 2. Nf3 d6 3. d4 cxd4 4. Nxd4 Nf6 5. Nc3 a6 6. Bg5 Nbd7 7. Qe2 e6 8.
O-O-O Qc7 9. f4 Be7 10. g4 b5 11. a3 Bb7 12. Bg2 Rc8 13. Bxf6 Nxf6 14. g5 Nd7
15. Kb1 Qb6 16. Qd2 Nc5 17. h4 b4 18. axb4 Qxb4 19. Rh3 Rb8 20. b3 Ba8 21. e5 d5
22. f5 g6 23. fxe6 fxe6 24. h5 Kd7 25. hxg6 hxg6 26. Rxh8 Rxh8 27. Nxe6 Nxb3 28.
cxb3 Qxb3+ 29. Ka1 Kxe6 30. Rb1 Qa3+ 31. Na2 Bc5 32. Rf1 Rh4 33. Qc2 Ke7 34. Rf3
Qa5 35. Qxg6 Bd4+ 36. Kb1 Qb5+ 37. Kc1 Bb2+ 38. Kc2 Qe2+ 39. Kb3 Qb5+ 40. Kc2
Qe2+ 41. Kb3 Qb5+ 1/2-1/2

[Event "Polugaevsky Mem 2014"]
[Site "Samara RUS"]
[Date "2014.07.06"]
[Round "5.7"]
[White "Kokarev, Dmitry"]
[Black "Oganian, Miran"]
[Result "1/2-1/2"]
[WhiteTitle "GM"]
[BlackTitle "FM"]
[WhiteElo "2650"]
[BlackElo "2378"]
[WhiteFideId "4132181"]
[BlackFideId "4122488"]
[EventDate "2014.07.02"]

1. e4 c5 2. Nf3 Nc6 3. d4 cxd4 4. Nxd4 e5 5. Nb5 a6 6. Nd6+ Bxd6 7. Qxd6 Qe7 8.
Qd1 Nf6 9. Nc3 d6 10. Be3 O-O 11. Qd2 b5 12. Be2 Bb7 13. O-O Nd4 14. Bxd4 exd4
15. Qxd4 Nxe4 16. Nxe4 Bxe4 17. Rfe1 Qb7 18. Bf1 Bxc2 19. Rac1 Bf5 20. Qxd6 Rad8
21. Qb4 Bd3 22. Bxd3 Rxd3 23. a4 Qd5 24. axb5 axb5 25. g3 g6 26. Rc5 Rb3 27.
Rxd5 Rxb4 28. Ree5 Rxb2 29. Rxb5 Rxb5 30. Rxb5 h5 31. h4 Rd8 32. Kg2 Kg7 33. Rb3
Rd6 34. Re3 Ra6 35. Rf3 Rb6 36. Re3 Ra6 37. Rd3 Rb6 38. Re3 Ra6 39. Rf3 Rb6 40.
Re3 Ra6 41. Rf3 1/2-1/2

[Event "Polugaevsky Mem 2014"]
[Site "Samara RUS"]
[Date "2014.07.06"]
[Round "5.8"]
[White "Khanin, Semen"]
[Black "Sjugirov, Sanan"]
[Result "0-1"]
[BlackTitle "GM"]
[WhiteElo "2317"]
[BlackElo "2643"]
[WhiteFideId "4111990"]
[BlackFideId "4189302"]
[EventDate "2014.07.02"]

1. e4 c5 2. Nf3 e6 3. d4 cxd4 4. Nxd4 a6 5. Bd3 Nf6 6. O-O d6 7. c4 b6 8. Nc3
Bb7 9. Qe2 Be7 10. f4 Nbd7 11. Bd2 Qc7 12. Rae1 O-O 13. Kh1 Rad8 14. Qf3 Rfe8
15. Qh3 g6 16. f5 exf5 17. exf5 Ne5 18. fxg6 hxg6 19. Nf5 Nxd3 20. Nxe7+ Rxe7
21. Rxe7 Qxe7 22. Qxd3 Ne4 23. Nxe4 Qxe4 24. Qxe4 Bxe4 25. Kg1 f5 26. Be3 b5 27.
Rc1 bxc4 28. Rxc4 d5 29. Rc6 d4 30. Bg5 Rb8 31. Rxg6+ Kf7 32. Rf6+ Kg7 33. b3
Rc8 34. Rxa6 d3 35. Kf2 Rc2+ 36. Ke1 Re2+ 37. Kd1 Rxg2 38. Bd2 Rg1+ 39. Be1 f4
40. Kd2 Rg2+ 41. Kc3 f3 42. Re6 Rc2+ 43. Kb4 Re2 44. Bc3+ Kf7 45. Rf6+ Ke7 46.
Rf4 f2 47. Kc4 Bg2 48. Kxd3 f1=Q 49. Rxf1 Bxf1 50. Bd2 Rxh2+ 51. Kc3 Ke6 52. a4
Kd5 53. Bg5 Rg2 54. Be7 Be2 55. Kb4 Bd1 56. a5 Rb2 57. a6 Rxb3+ 58. Ka5 Kc4 59.
a7 Rb5+ 60. Ka6 Bf3 0-1

[Event "Polugaevsky Mem 2014"]
[Site "Samara RUS"]
[Date "2014.07.06"]
[Round "5.9"]
[White "Elistratov, Semen"]
[Black "Shaposhnikov, Evgeny"]
[Result "0-1"]
[BlackTitle "GM"]
[WhiteElo "2265"]
[BlackElo "2553"]
[WhiteFideId "24134325"]
[BlackFideId "4122232"]
[EventDate "2014.07.02"]

1. e4 c5 2. Nf3 e6 3. d4 cxd4 4. Nxd4 a6 5. Bd3 Ne7 6. O-O Nbc6 7. Nb3 d5 8. Nc3
dxe4 9. Bxe4 Qc7 10. Be3 Ng6 11. Nd4 Bd7 12. Nxc6 Bxc6 13. Bxc6+ Qxc6 14. Qd4
Rd8 15. Qb6 Qxb6 16. Bxb6 Rc8 17. Rad1 Bb4 18. Bd4 O-O 19. a3 Be7 20. Rd3 Rc4
21. g3 Rfc8 22. Re1 Bf8 23. Kg2 b5 24. Re2 Ne7 25. Re4 h5 26. Rd2 Nf5 27. Bb6
R4c6 28. Rd8 Rxd8 29. Bxd8 Bxa3 30. Nxb5 Bxb2 31. Nc7 Bd4 32. Na8 Rxc2 0-1

[Event "Polugaevsky Mem 2014"]
[Site "Samara RUS"]
[Date "2014.07.06"]
[Round "5.10"]
[White "Rozum, Ivan"]
[Black "Ziatdinov, Raset"]
[Result "1-0"]
[WhiteTitle "IM"]
[BlackTitle "GM"]
[WhiteElo "2553"]
[BlackElo "2348"]
[WhiteFideId "24104272"]
[BlackFideId "2015323"]
[EventDate "2014.07.02"]

1. d4 Nf6 2. c4 e6 3. Nf3 d5 4. Nc3 Nbd7 5. Bf4 dxc4 6. e3 Nd5 7. Bxc4 Nxf4 8.
exf4 Nb6 9. Bd3 g6 10. Qe2 Bg7 11. Rd1 O-O 12. g3 Nd5 13. Ne4 b6 14. a3 Bb7 15.
Ba6 Bxa6 16. Qxa6 Ne7 17. Nc3 Qd6 18. Qc4 Rfd8 19. O-O Qc6 20. Qe2 Nf5 21. Ne5
Bxe5 22. Qxe5 Qd6 23. d5 Qxe5 24. fxe5 exd5 25. Nxd5 c6 26. Nf6+ Kg7 27. Kg2 c5
28. Kf3 b5 29. Ke4 a5 30. Rd5 Rxd5 31. Kxd5 Rc8 32. Ne4 c4 33. Nd6 Ne7+ 34. Kd4
Nf5+ 35. Kd5 Ne7+ 36. Ke4 Rc5 37. g4 c3 38. b4 axb4 39. axb4 Rc6 40. Rc1 c2 41.
Kd4 g5 42. Nxb5 Rb6 43. Nd6 Rxb4+ 44. Nc4 Ng6 45. Rxc2 Nf4 46. Ke4 Kg6 47. h4 h5
48. hxg5 Kxg5 49. gxh5 Nxh5 50. Rc1 f5+ 51. Kd5 Nf4+ 52. Kd6 Nd3 53. Rg1+ Kf4
54. Ne3 Rd4+ 55. Ke6 Re4 56. Nd5+ Kf3 57. Rg3+ Ke2 58. Nc3+ Kd2 59. Rxd3+ Kxd3
60. Nxe4 1-0

[Event "Polugaevsky Mem 2014"]
[Site "Samara RUS"]
[Date "2014.07.07"]
[Round "6.1"]
[White "Smirnov, Alexey"]
[Black "Kryakvin, Dmitry"]
[Result "1/2-1/2"]
[BlackTitle "GM"]
[WhiteElo "2413"]
[BlackElo "2579"]
[WhiteFideId "4168437"]
[BlackFideId "4153278"]
[EventDate "2014.07.02"]

1. d4 Nf6 2. c4 e6 3. Nc3 Bb4 4. Qc2 d6 5. a3 Bxc3+ 6. Qxc3 Nbd7 7. Nf3 O-O 8.
g3 b6 9. Bg2 Bb7 10. O-O Qe7 11. b4 a5 12. Bb2 axb4 13. axb4 Rfc8 14. Rxa8 Rxa8
15. Ra1 Qd8 16. Qc1 Be4 17. Nd2 Bxg2 18. Kxg2 Qc8 19. e4 e5 20. dxe5 Nxe5 21.
Bxe5 dxe5 22. c5 bxc5 23. bxc5 h6 24. Rxa8 Qxa8 25. c6 Qa4 26. Qc4 Qxc4 27. Nxc4
Nxe4 28. Nxe5 Kf8 29. Kf3 Ng5+ 30. Ke3 Ke7 31. f4 Nh7 32. Kd4 Nf6 33. g4 g6 34.
g5 hxg5 35. fxg5 Nh5 36. Ke4 Ke6 37. Nc4 Ng7 38. Ne3 Ne8 39. Ng4 Nd6+ 40. Kd4
Kf5 41. Ne3+ Kxg5 42. Nd5 Ne8 43. Ke5 Kh4 44. Nf6 Ng7 45. Nd5 Ne6 46. Kf6 Nd8
47. Nxc7 g5 48. Nd5 Nxc6 49. Kxf7 Ne5+ 50. Kf6 Ng4+ 51. Kf5 Nxh2 52. Ne3 Nf3 53.
Ng2+ Kh3 54. Nf4+ Kg3 55. Ne2+ Kh4 56. Nf4 g4 57. Ng2+ Kh3 58. Nf4+ Kg3 59. Nh5+
Kh4 60. Nf4 Nd4+ 61. Ke4 Kg5 62. Ng2 Nf5 63. Ne1 Nh4 64. Ke3 g3 65. Ke2 Kg4 66.
Kf1 Nf3 67. Ng2 Kh3 68. Ne3 Kh2 69. Ng4+ Kh1 70. Nf2+ 1/2-1/2

[Event "Polugaevsky Mem 2014"]
[Site "Samara RUS"]
[Date "2014.07.07"]
[Round "6.2"]
[White "Khismatullin, Denis"]
[Black "Rozum, Ivan"]
[Result "1/2-1/2"]
[WhiteTitle "GM"]
[BlackTitle "IM"]
[WhiteElo "2680"]
[BlackElo "2553"]
[WhiteFideId "4142578"]
[BlackFideId "24104272"]
[EventDate "2014.07.02"]

1. d4 Nf6 2. c4 e6 3. Nc3 Bb4 4. f3 O-O 5. a3 Bxc3+ 6. bxc3 c5 7. e4 Nc6 8. e5
Ne8 9. f4 d6 10. Nf3 f5 11. exf6 Nxf6 12. Bd3 e5 13. fxe5 dxe5 14. dxe5 Qe8 15.
O-O Nxe5 16. Nxe5 Qxe5 17. Qc2 Bd7 18. Bf4 Qh5 19. Rae1 Rae8 20. Bd6 Rxe1 21.
Rxe1 Re8 22. Rxe8+ Bxe8 23. Qe2 Qxe2 24. Bxe2 Ne4 25. Bb8 a6 26. Bf3 Bc6 27.
Bxe4 Bxe4 28. Bd6 Bd3 29. Bxc5 Bxc4 30. Kf2 Kf7 31. Ke3 Bd5 32. g3 Bc6 33. Bd4
g5 34. Bb6 Ke6 35. Bd8 Kf5 36. Bb6 Kg4 37. Bd8 h6 38. Kf2 Kh3 39. Kg1 Kg4 40.
Kf2 Kh3 41. Kg1 1/2-1/2

[Event "Polugaevsky Mem 2014"]
[Site "Samara RUS"]
[Date "2014.07.07"]
[Round "6.3"]
[White "Sjugirov, Sanan"]
[Black "Zontakh, Andrey"]
[Result "1-0"]
[WhiteTitle "GM"]
[BlackTitle "GM"]
[WhiteElo "2643"]
[BlackElo "2540"]
[WhiteFideId "4189302"]
[BlackFideId "14101130"]
[EventDate "2014.07.02"]

1. e4 c6 2. d4 d5 3. e5 Bf5 4. Nf3 e6 5. Be2 c5 6. O-O Nc6 7. c3 cxd4 8. Nxd4
Nxd4 9. cxd4 Ne7 10. Nc3 Nc6 11. g4 Bg6 12. f4 f5 13. exf6 Qxf6 14. f5 exf5 15.
Nxd5 Qxd4+ 16. Be3 Qxd1 17. Raxd1 O-O-O 18. gxf5 Bf7 19. Bf3 Bd6 20. Kh1 Rde8
21. Bg5 h6 22. Bh4 Be5 23. b4 Nd4 24. Bg2 Bh5 25. Rde1 Bd6 26. f6 Rxe1 27. Rxe1
g5 28. Bf2 Nf3 29. Re3 g4 30. h3 Ng5 31. Ne7+ Kc7 32. Rc3+ Kb8 33. hxg4 Bxg4 34.
Rd3 Nf7 35. Rxd6 Nxd6 36. Bg3 Kc7 37. Ng6 Rh7 38. Bd5 h5 39. Kg1 a6 40. Bf4 h4
41. f7 Rxf7 42. Bxf7 Kc6 43. Bb3 Bh5 44. Nxh4 Ne4 45. Nf5 a5 46. bxa5 Kb5 47.
Bc7 Nd2 48. Bd5 Ka6 49. Kf2 1-0

[Event "Polugaevsky Mem 2014"]
[Site "Samara RUS"]
[Date "2014.07.07"]
[Round "6.4"]
[White "Demchenko, Anton"]
[Black "Iljiushenok, Ilia"]
[Result "0-1"]
[WhiteTitle "GM"]
[WhiteElo "2619"]
[BlackElo "2419"]
[WhiteFideId "4160258"]
[BlackFideId "24105074"]
[EventDate "2014.07.02"]

1. e4 c5 2. c3 e6 3. Nf3 d5 4. exd5 exd5 5. d4 Nc6 6. Bb5 Bd6 7. dxc5 Bxc5 8.
O-O Ne7 9. Nbd2 O-O 10. Nb3 Bb6 11. Re1 Nf5 12. Bf4 Be6 13. Qd2 h6 14. Ne5 Nce7
15. Rad1 Nd6 16. Bd3 Nef5 17. Nf3 Nc4 18. Qc1 Rc8 19. h3 Re8 20. Re2 Qf6 21. Kh1
Bd7 22. Rde1 Rxe2 23. Rxe2 a5 24. Nbd2 Nd4 25. Nxd4 Qxf4 26. Bxc4 dxc4 27. N4f3
Bc6 28. Qe1 Bc7 29. Kg1 Rd8 30. g3 Qf6 31. Nd4 Bd5 32. Re8+ Kh7 33. Nf1 Rxe8 34.
Qxe8 Qg6 35. Qd7 Qe4 36. f3 Qe5 37. Kf2 Bb6 38. Ne3 Be6 39. Qxb7 Bxd4 40. cxd4
Qxd4 41. Qe4+ Qxe4 42. fxe4 c3 43. b3 Bxh3 44. Ke2 h5 45. Kd3 g5 46. Kxc3 h4 47.
gxh4 gxh4 48. Kd3 Be6 49. Ke2 Kg6 50. Kf3 Kg5 51. Nf1 Kf6 52. Kf4 Ke7 53. Ke5
f6+ 54. Kd4 Kd6 55. Nh2 h3 56. Nf1 Bg8 57. Nh2 Bf7 58. Nf1 Kc6 59. Nh2 Kb5 60.
Kc3 Bg6 61. a3 Bxe4 62. b4 a4 63. Kd4 Bg2 64. Ke3 Kc4 65. Nf3 f5 66. Nh2 Be4 67.
Nf1 Kb3 68. Kd4 Kxa3 69. Kc3 Bc6 70. Nh2 f4 71. Nf1 f3 0-1

[Event "Polugaevsky Mem 2014"]
[Site "Samara RUS"]
[Date "2014.07.07"]
[Round "6.5"]
[White "Goganov, Aleksey"]
[Black "Mokshanov, Alexey"]
[Result "1-0"]
[WhiteTitle "GM"]
[BlackTitle "FM"]
[WhiteElo "2590"]
[BlackElo "2440"]
[WhiteFideId "24109959"]
[BlackFideId "24121657"]
[EventDate "2014.07.02"]

1. c4 e6 2. g3 d5 3. Bg2 Nf6 4. Nf3 Be7 5. O-O b6 6. cxd5 Nxd5 7. d4 Bb7 8. Qa4+
Qd7 9. Qb3 O-O 10. Ne5 Qc8 11. e4 Nf6 12. Nc3 Rd8 13. d5 exd5 14. Nxd5 Nxd5 15.
exd5 Bd6 16. Nc4 Qf5 17. Nxd6 Rxd6 18. Rd1 Na6 19. Bf4 Rd7 20. Qc4 Rad8 21. Re1
Nc5 22. b4 Ba6 23. Qc3 Nd3 24. Be4 Qf6 25. Qxf6 gxf6 26. Bxd3 Bxd3 27. Rac1 Rxd5
28. Rxc7 R5d7 29. Rxd7 Rxd7 30. Bh6 Rd8 31. Re7 a5 32. bxa5 bxa5 33. f3 Bc4 34.
a3 Bb5 35. Ra7 a4 36. Kf2 Re8 37. g4 Re6 38. Kg3 Bc6 39. Rc7 Bb5 40. Kf4 Re8 41.
h4 Re6 42. h5 Re8 43. Kg3 Re6 44. Bd2 h6 45. Bxh6 Rc6 46. Rb7 Be2 47. Rb2 Bd3
48. Rb8+ Kh7 49. Be3 Rd6 50. Bc5 Rc6 51. Bd4 Kh6 52. f4 Bc4 53. Bxf6 Rxf6 54.
g5+ Kxh5 55. Rh8+ 1-0

[Event "Polugaevsky Mem 2014"]
[Site "Samara RUS"]
[Date "2014.07.07"]
[Round "6.6"]
[White "Gabrielian, Artur"]
[Black "Matjushin, Gennady"]
[Result "1-0"]
[WhiteTitle "GM"]
[BlackTitle "GM"]
[WhiteElo "2558"]
[BlackElo "2462"]
[WhiteFideId "4131002"]
[BlackFideId "14107910"]
[EventDate "2014.07.02"]

1. e4 e5 2. Nf3 Nc6 3. Bb5 a6 4. Ba4 Nf6 5. O-O d6 6. Bxc6+ bxc6 7. d4 exd4 8.
Nxd4 Bd7 9. Nc3 Be7 10. b3 O-O 11. Bb2 h6 12. Re1 Nh7 13. Qd3 Ng5 14. Rad1 Bf6
15. f4 Bxd4+ 16. Qxd4 Ne6 17. Qf2 f5 18. Qg3 Rf7 19. exf5 Nf8 20. Ne2 Bxf5 21.
Nd4 Qd7 22. Nxf5 Qxf5 23. Qc3 c5 24. g3 Nd7 25. Qd3 Raf8 26. Qxf5 Rxf5 27. Re7
R8f7 28. Re8+ Rf8 29. Re7 R8f7 30. Re4 Nb6 31. c4 Nd7 32. Rde1 Nb8 33. Bc3 Nc6
34. R1e2 Rf8 35. Kg2 Kh7 36. Re8 Rxe8 37. Rxe8 d5 38. cxd5 Rxd5 39. Re4 Rd3 40.
Rc4 Nb4 41. Rxc5 Nd5 42. Be1 Kg6 43. Kf2 Rd4 44. Kf3 Kf7 45. Rc6 Rd1 46. Ke2 Rb1
47. Rxa6 Rb2+ 48. Bd2 Nc3+ 49. Kd3 Nxa2 50. Ra7 Kg6 51. Rxc7 Rxb3+ 52. Kc2 Rb8
53. Rc4 Ra8 54. Kb3 Re8 55. Rc2 Re2 56. Rxa2 Rxh2 57. Bc3 Rh3 58. Ra7 Rh2 59. g4 1-0

[Event "Polugaevsky Mem 2014"]
[Site "Samara RUS"]
[Date "2014.07.07"]
[Round "6.8"]
[White "Demianjuk, Alexander"]
[Black "Kokarev, Dmitry"]
[Result "0-1"]
[BlackTitle "GM"]
[WhiteElo "2359"]
[BlackElo "2650"]
[WhiteFideId "4134249"]
[BlackFideId "4132181"]
[EventDate "2014.07.02"]

1. e4 c5 2. Nf3 d6 3. d4 cxd4 4. Nxd4 Nf6 5. Nc3 a6 6. h3 e6 7. g4 Nfd7 8. g5
Nc6 9. Be3 Be7 10. h4 O-O 11. Qd2 Nde5 12. O-O-O Nxd4 13. Bxd4 Nf3 14. Qe3 Nxd4
15. Qxd4 b5 16. Kb1 Rb8 17. Rg1 Qb6 18. Qxb6 Rxb6 19. f4 Rc6 20. Bd3 Rc5 21. Ne2
Bd8 22. b4 Rc7 23. f5 Re8 24. Nf4 Bb7 25. g6 e5 26. gxh7+ Kxh7 27. Nh5 Rg8 28.
Rg4 Kh6 29. Be2 Rc6 30. Rdg1 g6 31. fxg6 Rxg6 32. Ng3 Bc8 33. Nf5+ Bxf5 34. exf5
Rxg4 35. Rxg4 d5 36. Rg8 Bf6 37. Ra8 e4 38. Ra7 Bxh4 39. Rxf7 Bf6 40. Rd7 d4 41.
Rd5 Rc3 42. Rd6 Kg5 43. Rxa6 Re3 44. Bxb5 Re1+ 45. Kb2 d3+ 46. Rxf6 Kxf6 47.
cxd3 e3 48. Kc2 Ra1 49. d4 Rxa2+ 50. Kd1 Kxf5 51. Ke1 Ke4 52. Bc6+ Kxd4 53. Bb5
Rb2 54. Ba6 Rxb4 55. Bc8 Ke4 56. Be6 Rb6 57. Bg8 Rd6 58. Bc4 Rc6 59. Bg8 Rh6 60.
Bc4 Rb6 61. Bg8 Rb1+ 62. Ke2 Rb2+ 63. Ke1 e2 64. Kf2 Ke5 0-1

[Event "Polugaevsky Mem 2014"]
[Site "Samara RUS"]
[Date "2014.07.07"]
[Round "6.9"]
[White "Palachev, Petr"]
[Black "Smirnov, Pavel"]
[Result "0-1"]
[WhiteTitle "FM"]
[BlackTitle "GM"]
[WhiteElo "2340"]
[BlackElo "2626"]
[WhiteFideId "24129003"]
[BlackFideId "4123425"]
[EventDate "2014.07.02"]

1. d4 Nf6 2. c4 g6 3. Nc3 Bg7 4. e4 d6 5. f3 O-O 6. Be3 c5 7. dxc5 dxc5 8. Qxd8
Rxd8 9. Bxc5 Nc6 10. Nge2 b6 11. Ba3 Ba6 12. Nd5 Bxc4 13. Nxe7+ Nxe7 14. Bxe7
Rd7 15. Bb4 Nh5 16. Bc3 Bxe2 17. Bxe2 Bxc3+ 18. bxc3 Nf4 19. g3 Nd3+ 20. Bxd3
Rxd3 21. Ke2 Rxc3 22. Rhd1 Rac8 23. Rd3 Rc2+ 24. Rd2 R8c3 25. Rd1 Rxd2+ 26. Rxd2
Ra3 27. f4 Kg7 28. e5 g5 29. Kf2 gxf4 30. gxf4 Kf8 31. Rc2 h5 32. Rc8+ Ke7 33.
Rc7+ Ke6 34. Rc6+ Kd7 35. Rc2 h4 36. Kg2 h3+ 37. Kf2 f6 38. exf6 Ke6 39. Rc6+
Kf7 40. f5 b5 41. Rc5 a6 42. Rc6 b4 43. Rb6 a5 44. Ra6 a4 45. Rb6 Rxa2+ 46. Kg3
Rb2 47. Kxh3 a3 48. Kg4 a2 49. Ra6 b3 50. Kg5 Rg2+ 51. Kf4 Rg1 0-1

[Event "Polugaevsky Mem 2014"]
[Site "Samara RUS"]
[Date "2014.07.07"]
[Round "6.10"]
[White "Bochkarev, Alexey"]
[Black "Timofeev, Artyom"]
[Result "0-1"]
[WhiteTitle "FM"]
[BlackTitle "GM"]
[WhiteElo "2302"]
[BlackElo "2597"]
[WhiteFideId "34101516"]
[BlackFideId "4140419"]
[EventDate "2014.07.02"]

1. d4 Nf6 2. Nf3 g6 3. Bg5 Bg7 4. c3 d6 5. Nbd2 c5 6. dxc5 dxc5 7. e4 Nc6 8. Be2
O-O 9. O-O Qc7 10. Re1 h6 11. Bh4 Nh5 12. Qc2 Bg4 13. a4 Rad8 14. Nc4 Nf4 15.
Bd1 Be6 16. Nfd2 Rd7 17. Bg3 Rfd8 18. Kh1 a6 19. a5 Nxa5 20. Rxa5 b5 21. Rxa6
bxc4 22. Bxf4 Qxf4 23. Nf1 Rd2 24. Ra8 Rxd1 0-1

[Event "Polugaevsky Mem 2014"]
[Site "Samara RUS"]
[Date "2014.07.08"]
[Round "7.1"]
[White "Iljiushenok, Ilia"]
[Black "Sjugirov, Sanan"]
[Result "0-1"]
[BlackTitle "GM"]
[WhiteElo "2419"]
[BlackElo "2643"]
[WhiteFideId "24105074"]
[BlackFideId "4189302"]
[EventDate "2014.07.02"]

1. e4 c6 2. d4 d5 3. e5 Bf5 4. Nf3 e6 5. Be2 Nd7 6. O-O Bg6 7. Nbd2 Nh6 8. Nb3
Nf5 9. c3 h6 10. Ne1 c5 11. g4 Nh4 12. f4 cxd4 13. cxd4 Be7 14. Nc2 O-O 15. Ne3
f5 16. h3 Bh7 17. Bd3 Kh8 18. Bd2 g5 19. gxf5 gxf4 20. Rxf4 Bg5 21. Rf2 Bxe3 22.
Bxe3 Nxf5 23. Bxf5 Qh4 24. Bxh7 Qg3+ 25. Rg2 Qxe3+ 26. Kh2 Rf3 27. Qxf3 Qxf3 28.
Bc2 Rg8 29. Rag1 Rxg2+ 30. Rxg2 Qf4+ 31. Kh1 Nb6 32. Nc5 Nc4 33. Nxe6 Qf1+ 34.
Kh2 Ne3 0-1

[Event "Polugaevsky Mem 2014"]
[Site "Samara RUS"]
[Date "2014.07.08"]
[Round "7.2"]
[White "Gabrielian, Artur"]
[Black "Goganov, Aleksey"]
[Result "0-1"]
[WhiteTitle "GM"]
[BlackTitle "GM"]
[WhiteElo "2558"]
[BlackElo "2590"]
[WhiteFideId "4131002"]
[BlackFideId "24109959"]
[EventDate "2014.07.02"]

1. e4 e5 2. Nf3 Nc6 3. Bb5 a6 4. Ba4 Nf6 5. O-O Be7 6. Re1 b5 7. Bb3 d6 8. c3
O-O 9. h3 Nb8 10. d4 Nbd7 11. Nbd2 Bb7 12. Bc2 c5 13. d5 c4 14. Nf1 g6 15. Ng3
a5 16. Bh6 Re8 17. Qd2 Bf8 18. Bxf8 Rxf8 19. Qh6 Qe7 20. Nh2 Nc5 21. Rf1 b4 22.
f4 b3 23. fxe5 dxe5 24. Rxf6 Qxf6 25. Nf5 Nd7 0-1

[Event "Polugaevsky Mem 2014"]
[Site "Samara RUS"]
[Date "2014.07.08"]
[Round "7.3"]
[White "Kryakvin, Dmitry"]
[Black "Shaposhnikov, Evgeny"]
[Result "1/2-1/2"]
[WhiteTitle "GM"]
[BlackTitle "GM"]
[WhiteElo "2579"]
[BlackElo "2553"]
[WhiteFideId "4153278"]
[BlackFideId "4122232"]
[EventDate "2014.07.02"]

1. d4 Nf6 2. c4 e6 3. Nf3 b6 4. g3 Bb4+ 5. Bd2 Bxd2+ 6. Qxd2 Ba6 7. Na3 O-O 8.
Bg2 Bb7 9. O-O d6 10. Nb5 Nbd7 11. Qc2 Re8 12. Rfd1 Qb8 13. Rac1 a6 14. Nc3 c5
15. dxc5 Nxc5 16. b4 Ncd7 17. Qd2 Rc8 18. Qxd6 Rxc4 19. Ne5 Nxe5 20. Qxb8+ Rxb8
21. Bxb7 Rxb4 22. Bxa6 g6 23. a4 Ned7 24. Bb5 Nc5 25. Rd6 1/2-1/2

[Event "Polugaevsky Mem 2014"]
[Site "Samara RUS"]
[Date "2014.07.08"]
[Round "7.4"]
[White "Smirnov, Pavel"]
[Black "Smirnov, Alexey"]
[Result "0-1"]
[WhiteTitle "GM"]
[WhiteElo "2626"]
[BlackElo "2413"]
[WhiteFideId "4123425"]
[BlackFideId "4168437"]
[EventDate "2014.07.02"]

1. d4 Nf6 2. c4 e6 3. g3 d5 4. Bg2 dxc4 5. Nf3 Nc6 6. Qa4 Bb4+ 7. Bd2 Nd5 8.
Bxb4 Nxb4 9. O-O Rb8 10. Nc3 a6 11. Ne5 O-O 12. Nxc6 Nxc6 13. Bxc6 bxc6 14. Qxc4
Rxb2 15. Rab1 Rb6 16. Qc5 h6 17. a4 Re8 18. a5 Rxb1 19. Rxb1 Qd7 20. f4 f6 21.
Rb8 e5 22. fxe5 fxe5 23. d5 Rf8 24. dxc6 Qf5 25. Qd5+ Rf7 26. Qg2 e4 27. Nxe4
Rf8 28. h4 Qxa5 29. Kh2 Qe1 30. e3 Qxe3 31. Qc2 Kh8 32. Rb3 Qe1 33. Rb1 Qa5 34.
Qc3 Qf5 35. Re1 Re8 36. Qe3 Qh3+ 37. Kg1 Bf5 38. Qf3 a5 39. Qf4 a4 40. Re3 Rxe4
41. Rxe4 Bxe4 42. Qxe4 Qxg3+ 43. Kf1 a3 44. h5 Qh3+ 0-1

[Event "Polugaevsky Mem 2014"]
[Site "Samara RUS"]
[Date "2014.07.08"]
[Round "7.5"]
[White "Predke, Alexandr"]
[Black "Khismatullin, Denis"]
[Result "0-1"]
[BlackTitle "GM"]
[WhiteElo "2513"]
[BlackElo "2680"]
[WhiteFideId "24107581"]
[BlackFideId "4142578"]
[EventDate "2014.07.02"]

1. e4 c5 2. Nf3 d6 3. d4 cxd4 4. Nxd4 Nf6 5. Nc3 a6 6. h3 e5 7. Nde2 h5 8. Bg5
Be7 9. Ng3 g6 10. Bc4 Nbd7 11. Nf1 b5 12. Bd5 Rb8 13. Bc6 O-O 14. Bh6 Re8 15.
Ne3 Bb7 16. Bxb7 Rxb7 17. O-O b4 18. Ncd5 Nxe4 19. Qf3 Ndc5 20. Nc4 f5 21. Be3
Bg5 22. Bxc5 dxc5 23. Rfd1 Qb8 24. c3 Kh7 25. a4 Rf7 26. a5 Qb5 27. Ndb6 Bh4 28.
g3 Bg5 29. Nd6 Nxd6 30. Rxd6 e4 31. Qd1 bxc3 32. Qd5 Ree7 33. bxc3 e3 34. f4 Bf6
35. Nc4 Bxc3 36. Rb6 Qd7 37. Rd6 Qb7 38. Qxb7 Rxb7 39. Ra2 Rb4 40. Ne5 Rfb7 0-1

[Event "Polugaevsky Mem 2014"]
[Site "Samara RUS"]
[Date "2014.07.08"]
[Round "7.6"]
[White "Kokarev, Dmitry"]
[Black "Levin, Evgeny A."]
[Result "0-1"]
[WhiteTitle "GM"]
[BlackTitle "GM"]
[WhiteElo "2650"]
[BlackElo "2501"]
[WhiteFideId "4132181"]
[BlackFideId "4182596"]
[EventDate "2014.07.02"]

1. g3 g6 2. Bg2 Bg7 3. c4 e5 4. Nc3 d6 5. d3 Nf6 6. e4 Nc6 7. Nge2 O-O 8. O-O
Nd7 9. Be3 Nd4 10. Qd2 c6 11. f4 f5 12. Rae1 Nc5 13. Kh1 a5 14. Bg1 Nce6 15.
exf5 Nxf5 16. fxe5 dxe5 17. Ne4 Bh6 18. Qd1 Ne3 19. Bxe3 Bxe3 20. Ng1 Rxf1 21.
Rxf1 Bxg1 22. Rxg1 Nd4 23. c5 Be6 24. Nd6 Bxa2 25. Re1 Qf6 26. Nxb7 Rb8 27. Nd6
Rxb2 28. Ne4 Qe7 29. Nc3 Bf7 30. Qa1 Rxg2 31. Kxg2 Nc2 32. Qc1 Nxe1+ 33. Qxe1
Qxc5 34. Kh3 Be6+ 35. g4 Qb4 36. d4 Qxd4 37. Ne4 Qd3+ 38. Kh4 Qd8+ 39. Kg3 Qf8
40. h3 Qf4+ 41. Kh4 h6 0-1